貓頭鷹男

資料類型: Book 圖書   書目號:35523

Leader xxxxxxxxxx
001 __ PCLIS00035523
005 __ 20210804210458.0
010 0_ |a986-136-055-7|b平裝|dNT$280
100 __ |a20051007d20052003m  y0chiy09      e
101 1_ |achi|cjpn
105 __ |aa   z   000ay
200 1_ |a貓頭鷹男|f朱川湊人著|g李曉雯譯
205 __ |a初版
210 __ |a臺北市|c圓神出版|c叩應總經銷|d2005[民94]
215 0_ |a317面|c|d21公分
225 2_ |a森羅文庫|v008
300 __ |a譯自: 都市伝說Йзヤ
300 __ |a"獲直木賞提名的新感覺恐怖短篇!"
454 _1 |12001 |a都市伝說Йзヤ
681 __ |a861.57|b8976
700 _1 |a朱川|b湊人|4702 _1 |a|b曉雯|4801 _0 |atw|b內湖高中|c20051007|gCCR
詳細館藏(共 1 筆)
索 書 號登 錄 號冊次號館別 / 館藏地流通類型狀態加入預約清單電子資源
861.57 / 8976 1015052  圖書館 / 一樓普通區 可外借30天 在館   

| 條列資料




目錄查詢 分類查詢 個人資料 圖書薦購 新書查詢 閉館日 排行榜 更多電子資源 Hami書城 線上資料庫 登出

From : 216.73.216.116

  本日流通累計至 08:11:39 借閱 : 0 次 續借 : 0 次 歸還 : 0 次 預約 : 0 次 電子資源 : 0 次


內湖高中圖書館  PCLIS 版本  25.5.0.2